[Event "AUTO-OPEN-3652"]
[Site "http://www.queenalice.com/game.php?id=1423151"]
[Date "2016.5.15"]
[Round "1"]
[White "polyhedron2"]
[Black "Quaff"]
[Result "1-0"]
[WhiteElo "2123"]
[BlackElo "1926"]

1. e4 e5 2. f4 exf4 3. Nf3 g5 4. Bc4 d6 5. O-O Bg4 6. Nc3 c6 7. d4 Nd7 8. Qd3
Bxf3 9. Qxf3 Bg7 10. Ne2 Qb6 11. c3 Nh6 12. g3 O-O-O 13. gxf4 gxf4 14. Bxf4 f5
15. Bxd6 fxe4 16. Qxe4 Rde8 17. Qg2 Bf8 18. Bg3 Ng4 19. Bc7 Qxc7 20. Qxg4 Bd6
21. Rf2 Kb8 22. Re1 c5 23. Ref1 Nb6 24. Be6 cxd4 25. Nxd4 Bc5 26. Rf7 Rhg8 27.
Rxc7 Rxg4+ 28. Bxg4 Rg8 29. Rxc5 1-0

[Event "AUTO-OPEN-3652"]
[Site "http://www.queenalice.com/game.php?id=1423152"]
[Date "2016.5.15"]
[Round "1"]
[White "Quaff"]
[Black "ratorei"]
[Result "0-1"]
[WhiteElo "1942"]
[BlackElo "2078"]

1. e4 c5 2. f4 d5 3. e5 e6 4. Nf3 Qb6 5. Be2 Nc6 6. O-O Nh6 7. Kh1 Nf5 8. d3
Nfd4 9. c3 Nf5 10. b3 Be7 11. Qd2 Bd7 12. Na3 d4 13. c4 a6 14. Qe1 h5 15. h3 h4
16. Kh2 Ng3 17. Rg1 f6 18. Qd1 O-O-O 19. Bd2 fxe5 20. Nxe5 Nxe5 21. fxe5 g5 22.
Bg4 Qc7 23. Re1 Rdf8 24. Bf3 Rf5 25. Bg4 Rf2 26. Bf3 Bc6 27. Be4 Bxe4 28. dxe4
Qxe5 29. Kg1 Rhf8 30. Qc2 Bd6 0-1

[Event "AUTO-OPEN-3652"]
[Site "http://www.queenalice.com/game.php?id=1423153"]
[Date "2016.5.15"]
[Round "1"]
[White "ratorei"]
[Black "Quaff"]
[Result "1-0"]
[WhiteElo "2047"]
[BlackElo "1968"]

1. d4 c6 2. e4 e6 3. Bd3 d6 4. f4 Be7 5. Nf3 Bd7 6. O-O Nf6 7. e5 dxe5 8. fxe5
Nd5 9. a3 O-O 10. c4 Nb6 11. Nc3 f6 12. Be3 h6 13. b4 f5 14. Qe2 Be8 15. Qd2 Bh5
16. a4 N6d7 17. h3 Na6 18. b5 cxb5 19. axb5 Nc7 20. Qf2 b6 21. d5 Bc5 22. d6 Ne8
23. Na4 Qc8 24. Nxc5 Nxc5 25. Bxc5 Qxc5 26. Qxc5 bxc5 27. Nd2 g5 28. Nb3 Ng7 29.
Nxc5 Rfc8 30. Nd7 Be8 31. Nf6+ Kf8 32. d7 Bxd7 33. Nxd7+ Ke7 34. Nf6 Rd8 35.
Rad1 Rac8 36. Be2 Rxd1 37. Rxd1 1-0

[Event "AUTO-OPEN-3601"]
[Site "http://www.queenalice.com/game.php?id=1427355"]
[Date "2016.6.12"]
[Round "2"]
[White "Bruscato"]
[Black "Quaff"]
[Result "1-0"]
[WhiteElo "2072"]
[BlackElo "1916"]

1. e4 e5 2. f4 exf4 3. Nf3 g5 4. Bc4 d6 5. O-O Bg4 6. c3 b6 7. Qb3 Nh6 8. h4 f6
9. d4 Bg7 10. Nbd2 Qe7 11. e5 dxe5 12. Qa4+ Bd7 13. Qd1 Nc6 14. dxe5 Nxe5 15.
hxg5 Nxf3+ 16. Qxf3 Qc5+ 17. Kh1 Bc6 18. gxh6 Bxf3 19. hxg7 Bxg2+ 20. Kxg2 Qg5+
21. Kf3 Qxg7 22. Bb5+ Kf7 23. Bc4+ Ke7 24. Ne4 f5 25. Nf2 Qg3+ 26. Ke2 Kf6 27.
Kd2 h5 28. Kc2 h4 29. Nd3 h3 30. Bxf4 Qg7 31. Be5+ 1-0

[Event "AUTO-OPEN-3601"]
[Site "http://www.queenalice.com/game.php?id=1427356"]
[Date "2016.6.12"]
[Round "2"]
[White "Quaff"]
[Black "Bruscato"]
[Result "0-1"]
[WhiteElo "1947"]
[BlackElo "2065"]

1. e4 c5 2. f4 e6 3. Nf3 d5 4. e5 Nc6 5. Bb5 Bd7 6. Bxc6 Bxc6 7. c3 Qb6 8. O-O
O-O-O 9. a4 Ne7 10. Kh1 d4 11. c4 Nf5 12. d3 Be7 13. Na3 h5 14. Nb5 a6 15. Na3
h4 16. Nc2 Qc7 17. Kg1 Rh6 18. b3 Rg6 19. Kh1 Rh6 20. Bd2 Rdh8 21. Ng5 Bxg5 22.
fxg5 Rh5 23. Bf4 h3 24. Ne1 hxg2+ 25. Nxg2 Nh4 26. Rf2 Nxg2 27. Rxg2 Rh3 28. Bg3
Rxg3 0-1

[Event "AUTO-OPEN-3601"]
[Site "http://www.queenalice.com/game.php?id=1427361"]
[Date "2016.6.12"]
[Round "2"]
[White "Nille"]
[Black "Quaff"]
[Result "1-0"]
[WhiteElo "1831"]
[BlackElo "1936"]

1. e4 e5 2. Nf3 d6 3. Bc4 h6 4. h3 Nf6 5. Nc3 Be7 6. O-O Be6 7. Bxe6 fxe6 8. d3
Nc6 9. a3 O-O 10. b4 a6 11. Bb2 Nd4 12. Nxd4 exd4 13. Ne2 e5 14. f4 Nh7 15. f5
Bg5 16. c3 dxc3 17. Nxc3 Bf6 18. Nd5 c6 19. Nxf6+ Nxf6 20. Qc2 Qb6+ 21. Kh1 Nh5
22. Kh2 Qe3 23. Rf3 Qb6 24. Qc4+ Kh8 25. Qe6 Rad8 26. Rd1 Nf4 27. Rxf4 exf4 28.
Qxh6+ 1-0

[Event "AUTO-OPEN-3601"]
[Site "http://www.queenalice.com/game.php?id=1427362"]
[Date "2016.6.12"]
[Round "2"]
[White "Quaff"]
[Black "Nille"]
[Result "0-1"]
[WhiteElo "1888"]
[BlackElo "1851"]

1. e4 e5 2. Nf3 d6 3. Bc4 h6 4. c3 Nf6 5. d3 Be7 6. h3 Be6 7. Nbd2 O-O 8. Bb3
Nc6 9. Nh2 d5 10. exd5 Bxd5 11. O-O a6 12. Bxd5 Nxd5 13. Ne4 Bf6 14. f4 exf4 15.
Bxf4 Be5 16. Bxe5 Nxe5 17. d4 Nc4 18. Qe2 b5 19. Rab1 Re8 20. Qd3 Qh4 21. Rfe1
Nxb2 22. Qc2 Nc4 23. Nf3 Qf4 24. Re2 Nce3 25. Qd3 Rxe4 26. Kf2 Rae8 27. Rbe1 g5
28. g3 Ng4+ 29. hxg4 Rxe2+ 30. Rxe2 Rxe2+ 31. Qxe2 Qd6 32. Qe8+ Kg7 33. Ne5 Qf6+
34. Ke1 Nxc3 35. Nd7 Qe6+ 36. Qxe6 fxe6 37. Nc5 Kf6 38. Nxa6 Nxa2 39. Nxc7 b4
40. Kd2 Ke7 41. Nb5 Kd7 42. Kc2 Kc6 43. Kb3 Kxb5 44. Kxa2 Kc4 0-1

[Event "AUTO-ADV-3602"]
[Site "http://www.queenalice.com/game.php?id=1432022"]
[Date "2016.7.17"]
[Round "2"]
[White "mvson33"]
[Black "Quaff"]
[Result "0-1"]
[WhiteElo "1847"]
[BlackElo "1869"]

1. e4 e5 2. Nf3 d6 3. Bc4 h6 4. Nc3 Nf6 5. O-O Bg4 6. a3 Be7 7. d3 a6 8. Be3
Nbd7 9. h3 Bh5 10. g4 Bg6 11. Nh4 Nxg4 12. hxg4 Bxh4 13. Qf3 O-O 14. Qh3 Kh7 15.
f4 exf4 16. Bxf4 Bg5 17. Bxg5 Qxg5 18. Nd5 Rac8 19. Rf3 Ne5 20. Rf2 Qxg4+ 21.
Qxg4 Nxg4 22. Rf3 Ne5 23. Rf4 Nxc4 24. dxc4 Rfe8 25. Re1 Re5 26. Kf2 f6 27. Ke3
f5 28. Nc3 Rce8 29. Kd3 fxe4+ 30. Nxe4 Rxe4 31. Rfxe4 Bxe4+ 32. Rxe4 Rxe4 33.
Kxe4 g5 34. Kf5 c6 35. c3 Kg7 36. b4 d5 37. cxd5 cxd5 0-1

[Event "AUTO-ADV-3602"]
[Site "http://www.queenalice.com/game.php?id=1432023"]
[Date "2016.7.17"]
[Round "2"]
[White "Quaff"]
[Black "mvson33"]
[Result "0-1"]
[WhiteElo "1906"]
[BlackElo "1909"]

1. e4 e5 2. Nf3 Nc6 3. Bc4 Bc5 4. c3 Nf6 5. d3 O-O 6. Bg5 Be7 7. Nbd2 d6 8. h3
Bd7 9. g4 a6 10. Nh2 Na5 11. Bb3 Nxb3 12. Nxb3 c6 13. Qd2 d5 14. exd5 cxd5 15.
O-O-O Rc8 16. Nf3 Re8 17. Nxe5 b5 18. Nxd7 Nxd7 19. Bxe7 Rxe7 20. f4 Qc7 21. Kb1
Rce8 22. Nd4 Nc5 23. b4 Na4 24. Rc1 Re3 25. f5 Rg3 26. Rcg1 Ree3 27. Rxg3 Rxg3
28. Re1 h6 29. Re3 Nxc3+ 30. Ka1 Rxe3 31. Qxe3 Qh2 0-1

[Event "AUTO-ADV-3602"]
[Site "http://www.queenalice.com/game.php?id=1432026"]
[Date "2016.7.17"]
[Round "2"]
[White "clovis"]
[Black "Quaff"]
[Result "1-0"]
[WhiteElo "2117"]
[BlackElo "1955"]

1. e4 e5 2. Bc4 Nf6 3. Nc3 Bc5 4. d3 h6 5. Nf3 d6 6. O-O Bg4 7. Be3 Bb6 8. h3
Bh5 9. g4 Nxg4 10. hxg4 Bxg4 11. d4 Qf6 12. dxe5 Qxf3 13. exd6 Qxd1 14. Nxd1
cxd6 15. Bxb6 axb6 16. Ne3 Be6 17. Rfd1 Ke7 18. Rd2 Nc6 19. a3 Ne5 20. Be2 h5
21. Rad1 Rad8 22. f4 Nc6 23. f5 Bc8 24. Nd5+ Kf8 25. Nxb6 h4 26. Rxd6 Rxd6 27.
Rxd6 h3 28. Nxc8 h2+ 29. Kh1 g6 30. Bb5 Ne5 31. Rd8+ 1-0

[Event "AUTO-ADV-3602"]
[Site "http://www.queenalice.com/game.php?id=1432027"]
[Date "2016.7.17"]
[Round "2"]
[White "Quaff"]
[Black "clovis"]
[Result "1-0"]
[WhiteElo "1945"]
[BlackElo "2124"]

1. e4 e5 2. Nf3 Nc6 3. Bc4 Nf6 4. d3 Bc5 5. c3 O-O 6. Bg5 d6 7. h3 Be6 8. Nbd2
h6 9. Bh4 Na5 10. Bb3 Nxb3 11. Nxb3 Bxb3 12. Qxb3 g5 13. Nxg5 hxg5 14. Bxg5 Kg7
15. O-O-O Rh8 16. Rdf1 Rh5 17. h4 Qe7 18. Qxb7 Rah8 19. g3 Kg6 20. f4 Rxg5 21.
fxg5 Ng4 22. b4 Bb6 23. a4 Nf2 24. Rh2 Nxd3+ 25. Kc2 Nxb4+ 26. cxb4 a5 27. bxa5
Bxa5 28. Qd5 Bb6 29. a5 Bd4 30. Rd2 Rb8 31. Rxd4 exd4 32. Rf6+ Kg7 33. Qxd4 Rb5
34. Re6+ 1-0

[Event "AUTO-ADV-3602"]
[Site "http://www.queenalice.com/game.php?id=1432028"]
[Date "2016.7.17"]
[Round "2"]
[White "cardosorafael"]
[Black "Quaff"]
[Result "0-1"]
[WhiteElo "1852"]
[BlackElo "1904"]

1. e4 e5 2. Nf3 d6 3. d4 exd4 4. Nxd4 h6 5. Nc3 Nf6 6. Be3 Be7 7. Be2 Bd7 8. O-O
Nc6 9. a3 Nxd4 10. Bxd4 c6 0-1

[Event "AUTO-ADV-3602"]
[Site "http://www.queenalice.com/game.php?id=1432029"]
[Date "2016.7.17"]
[Round "2"]
[White "Quaff"]
[Black "cardosorafael"]
[Result "1-0"]
[WhiteElo "1889"]
[BlackElo "1867"]

1. e4 e5 2. Nf3 Nc6 3. Bc4 Nf6 4. d3 Be7 5. Bg5 O-O 6. h4 d6 7. Nbd2 Nd7 8. Qe2
Kh8 9. Bxe7 Qxe7 10. g4 f6 11. O-O-O 1-0

[Event "AUTO-OPEN-3694"]
[Site "http://www.queenalice.com/game.php?id=1436847"]
[Date "2016.8.19"]
[Round "1"]
[White "bouley"]
[Black "Quaff"]
[Result "1/2-1/2"]
[WhiteElo "2009"]
[BlackElo "1922"]

1. e4 e5 2. Bc4 d6 3. Nf3 h6 4. Nc3 Bg4 5. O-O Nc6 6. Be2 Nf6 7. d3 Bxf3 8. Bxf3
Be7 9. Be3 Nh7 10. Nd5 Nf6 11. Nxe7 Qxe7 12. c3 O-O-O 13. d4 exd4 14. cxd4 Nxe4
15. Bxe4 Qxe4 16. a3 Kb8 17. Rc1 f5 18. Re1 Qd5 19. b4 g5 20. f3 f4 21. Bf2 Rde8
22. Qd3 Ne7 23. Qc2 c6 24. Qc4 Qxc4 25. Rxc4 d5 26. Rc2 Nf5 27. Rce2 Rxe2 28.
Rxe2 Kc7 29. g4 Nh4 30. Bxh4 gxh4 31. h3 h5 32. g5 Rg8 33. Re5 Kd6 34. Kf2 Rg6
35. Rf5 Ke6 36. Rxf4 Rxg5 37. Rxh4 Kf5 38. f4 Rg7 39. Rxh5+ Kxf4 40. Rh4+ Kf5
41. Kf3 Rg1 42. Rh7 Rf1+ 43. Kg2 Rd1 44. Rxb7 Rxd4 45. Rxa7 Rc4 46. Rf7+ Ke6 47.
Rf3 d4 48. Kf2 Ke5 49. h4 c5 50. b5 Ra4 51. h5 Rxa3 52. h6 Ra7 53. Rg3 Rh7 54.
Rg5+ Ke4 55. Rxc5 Rxh6 56. Rc6 Rh7 57. Rb6 Kd3 58. Rd6 Rb7 59. b6 Kc3 60. Rc6+
Kd2 61. Rd6 d3 62. Kf3 Kc2 63. Rc6+ Kd2 1/2-1/2

[Event "AUTO-OPEN-3694"]
[Site "http://www.queenalice.com/game.php?id=1436848"]
[Date "2016.8.19"]
[Round "1"]
[White "Quaff"]
[Black "bouley"]
[Result "1/2-1/2"]
[WhiteElo "1918"]
[BlackElo "2013"]

1. e4 Nc6 2. f4 d6 3. Nf3 Nf6 4. d3 Bg4 5. Be2 e6 6. h3 Bxf3 7. Bxf3 Be7 8. Be3
O-O 9. Nc3 e5 10. f5 Nd7 11. O-O Bh4 12. Kh2 Nd4 13. Bxd4 exd4 14. Ne2 c5 15.
Nf4 Qg5 16. Nd5 Ne5 17. Bg4 Nxg4+ 18. hxg4 Qh6 19. Kg1 Kh8 20. Qf3 f6 21. g3 Bg5
22. Rf2 Be3 23. Nxe3 Qxe3 24. Qxe3 dxe3 25. Re2 Rfe8 26. Rxe3 d5 27. Rae1 d4 28.
R3e2 Re5 29. a4 a5 30. Kf2 Rc8 31. Rc1 c4 32. dxc4 Rxc4 33. b3 Rc3 34. Rd1 Rec5
35. Rxd4 h6 36. Rdd2 Kh7 37. Kg2 b6 38. Kf2 b5 39. axb5 Rxb5 40. Kg2 Rbc5 41.
Kf2 Rc7 42. Kg2 R7c5 43. Kf2 Rc7 44. Re3 Rxc2 45. Rxc2 Rxc2+ 46. Kf3 g6 47.
fxg6+ Kxg6 48. Rd3 Rc5 49. Rd5 Rc3+ 50. Kf2 Rxb3 51. Rxa5 Rc3 52. Rf5 Rb3 53.
Rf3 Rxf3+ 54. Kxf3 Kg5 55. Kg2 Kxg4 56. Kf2 h5 57. Kg2 h4 58. gxh4 1/2-1/2

[Event "AUTO-OPEN-3694"]
[Site "http://www.queenalice.com/game.php?id=1436871"]
[Date "2016.8.19"]
[Round "1"]
[White "a3035"]
[Black "Quaff"]
[Result "0-1"]
[WhiteElo "1607"]
[BlackElo "1884"]

1. e4 e5 2. Nf3 d6 3. Bc4 h6 4. O-O Be6 5. Bxe6 fxe6 6. d4 exd4 7. c3 dxc3 8.
Nxc3 Qe7 9. b3 Nc6 10. Ba3 O-O-O 11. Qd3 g5 12. Bb2 Bg7 13. Rac1 g4 14. Nd4 Bxd4
15. Nb5 Bxb2 16. Rc2 Be5 17. a3 a6 18. Nc3 h5 19. h3 gxh3 20. Qxh3 Nd4 21. Rb2
Nf6 22. f4 Bxf4 23. Rxf4 Ng4 24. Rd2 Nxb3 25. Rb2 Nc5 26. Nd1 Rdf8 27. Rxf8+
Qxf8 28. Ne3 Qg7 29. Nxg4 Qxb2 30. Nf2 Qc1+ 31. Kh2 Qf4+ 32. Kg1 Nxe4 33. Nxe4
Qxe4 34. Qc3 Rg8 35. Qh3 Qg4 0-1

[Event "AUTO-OPEN-3694"]
[Site "http://www.queenalice.com/game.php?id=1436872"]
[Date "2016.8.19"]
[Round "1"]
[White "Quaff"]
[Black "a3035"]
[Result "1-0"]
[WhiteElo "1918"]
[BlackElo "1640"]

1. e4 e5 2. Nf3 Bc5 3. Bc4 Nf6 4. d3 d6 5. h3 O-O 6. Bg5 c6 7. a3 b5 8. Ba2 Nbd7
9. Nbd2 Qb6 10. O-O Ba6 11. Nb3 Bd4 12. c3 c5 13. cxd4 cxd4 14. Bxf6 Nxf6 15.
Nh2 d5 16. f3 dxe4 17. fxe4 b4 18. axb4 Qxb4 19. Ng4 Bc8 20. Nxf6+ gxf6 21. Rxf6
Be6 22. Nd2 Bxa2 23. Rxa2 Qe7 24. Qg4+ Kh8 25. Rh6 Rg8 26. Qf5 f6 27. Nc4 Qg7
28. Qxf6 a6 29. Qxg7+ Kxg7 30. Rhxa6 Rab8 31. Nxe5 Rb3 32. R6a3 Rgb8 33. Rxb3
Rxb3 34. Kf2 Kf6 35. Ng4+ Kg5 36. Ke2 Kf4 37. Kd2 Kg3 38. Nf6 h6 39. Ng4 Rb6 40.
Kc2 Kxg2 41. Ra4 Kxh3 42. Nxh6 Rxh6 43. Rxd4 Kg4 44. b4 Kf4 45. Rd5 Ke3 46. b5
Rh2+ 47. Kc3 Rh1 48. Kb4 Kd2 49. b6 Rh7 50. Kb5 Kc3 51. Ka6 Kd2 52. b7 Rh8 53.
Ka7 Rh7 54. Ka8 1-0

[Event "AUTO-OPEN-3694"]
[Site "http://www.queenalice.com/game.php?id=1436887"]
[Date "2016.8.19"]
[Round "1"]
[White "Quaff"]
[Black "Anamur"]
[Result "0-1"]
[WhiteElo "1890"]
[BlackElo "2119"]

1. e4 e5 2. Nf3 Nc6 3. Bc4 Nf6 4. d3 Bc5 5. Bg5 h6 6. Bh4 g5 7. Bg3 d6 8. h3 Na5
9. Bb3 Nxb3 10. axb3 Nh5 11. Bh2 g4 12. hxg4 Bxg4 13. Nbd2 Qf6 14. Qe2 O-O-O 15.
O-O-O Nf4 16. Bxf4 Qxf4 17. c3 f5 18. b4 fxe4 19. dxe4 Bb6 20. Kc2 Rdf8 21. Qd3
Bxf2 22. Ra1 h5 23. Ra4 Qg3 24. Rha1 Qxg2 25. Qd5 Bxf3 26. Rxa7 Bxa7 27. Rxa7
Bxe4+ 0-1

[Event "AUTO-OPEN-3694"]
[Site "http://www.queenalice.com/game.php?id=1436888"]
[Date "2016.8.19"]
[Round "1"]
[White "Anamur"]
[Black "Quaff"]
[Result "1-0"]
[WhiteElo "2111"]
[BlackElo "1890"]

1. d4 c6 2. c4 e6 3. Nc3 d6 4. e4 h6 5. Nf3 Ne7 6. Be3 Nd7 7. Bd3 Ng6 8. Qc2 Be7
9. e5 d5 10. Bxg6 fxg6 11. Qxg6+ Kf8 12. cxd5 cxd5 13. Ne2 Nb6 14. O-O Qe8 15.
Nf4 Qf7 16. Rac1 Nc4 17. Rxc4 dxc4 18. d5 Rg8 19. Qh7 exd5 20. e6 Bxe6 21. Nd4
Bd7 22. Ng6+ Ke8 23. Ne5 Qf8 24. Qg6+ Kd8 25. Ne6+ Bxe6 26. Qxe6 Qe8 27. Nf7+
Kc7 28. Bf4+ 1-0

[Event "AUTO-OPEN-3697"]
[Site "http://www.queenalice.com/game.php?id=1438196"]
[Date "2016.8.28"]
[Round "1"]
[White "amadeo"]
[Black "Quaff"]
[Result "0-1"]
[WhiteElo "1593"]
[BlackElo "1923"]

1. e4 e5 2. Nf3 d6 3. h3 Nf6 4. Nc3 c6 5. Bc4 h6 6. O-O Be6 7. Bxe6 fxe6 8. d4
exd4 9. Qxd4 Be7 10. e5 dxe5 11. Qxd8+ Bxd8 12. Nxe5 O-O 13. Bf4 Nd5 14. Nxd5
exd5 15. c3 Bc7 16. g3 Bxe5 17. Bxe5 Nd7 18. Bd4 b6 19. Rae1 Rae8 20. Rxe8 Rxe8
21. b4 Ne5 22. Bxe5 Rxe5 23. Rd1 Kf7 24. f4 Re2 25. a4 Rc2 26. Rd3 Ra2 27. a5
bxa5 28. bxa5 Rxa5 29. h4 Kf6 30. Re3 a6 31. Re8 Rc5 32. Rf8+ Kg6 33. Re8 Rxc3
34. Re6+ Kf5 35. Re5+ Kg4 36. Kg2 Rxg3+ 37. Kf2 Rf3+ 38. Ke2 Rxf4 39. Ke3 Re4+
0-1

[Event "AUTO-OPEN-3697"]
[Site "http://www.queenalice.com/game.php?id=1438197"]
[Date "2016.8.28"]
[Round "1"]
[White "Quaff"]
[Black "amadeo"]
[Result "1-0"]
[WhiteElo "1925"]
[BlackElo "1575"]

1. e4 e5 2. Nf3 Nc6 3. Bc4 h6 4. c3 Qe7 5. d3 d6 6. h3 Be6 7. Bb3 Bxb3 8. axb3
O-O-O 9. Be3 f6 10. Na3 a6 11. Nh4 Qf7 12. c4 g5 13. Nf5 Nge7 14. Nxe7+ Bxe7 15.
b4 Nxb4 16. O-O f5 17. exf5 Qxf5 18. Qe2 Nxd3 19. b3 Nf4 20. Bxf4 gxf4 21. f3
Bh4 22. Ra2 h5 23. b4 Rhe8 24. b5 axb5 25. Nxb5 c6 26. Nc3 Kc7 27. Ne4 d5 28.
cxd5 Rxd5 29. Ra7 Red8 30. Qa6 Qc8 31. Rb1 Rb5 32. Rc1 Rb6 33. Qa5 Be7 34. Qxe5+
Bd6 35. Nxd6 Rxd6 36. Rd1 Qd7 37. Qxf4 Ra6 38. Rxa6 bxa6 39. Rxd6 Qxd6 40. Qf7+
Qd7 41. Qxh5 Qd1+ 42. Kh2 Qd2 43. Qh7+ Kb6 44. Qe4 c5 45. h4 Qd4 46. Qxd4 cxd4
47. Kg3 d3 48. Kf2 Kc5 49. Ke3 Kc4 50. Kd2 a5 51. h5 a4 52. h6 a3 53. h7 1-0

[Event "AUTO-OPEN-3697"]
[Site "http://www.queenalice.com/game.php?id=1438226"]
[Date "2016.8.28"]
[Round "1"]
[White "Quaff"]
[Black "bonow"]
[Result "0-1"]
[WhiteElo "1891"]
[BlackElo "2194"]

1. e4 e5 2. Nf3 d6 3. Bc4 h6 4. c3 Nf6 5. d3 Be7 6. h3 O-O 7. Be3 Nc6 8. Nbd2
Be6 9. Bb3 Bxb3 10. Nxb3 a5 11. O-O a4 12. Nbd2 d5 13. exd5 Nxd5 14. Nh2 Nf6 15.
Ne4 Nxe4 16. dxe4 Bg5 17. Bxg5 Qxg5 18. f3 Rfd8 19. Qc1 Qe7 20. Qe3 Qd6 21. Qe2
a3 22. bxa3 Rxa3 23. Qc2 Qc5+ 24. Kh1 Rxc3 25. Qe2 Nd4 26. Qf2 Rc2 27. Qe3 Qc4
28. Ng4 Re8 29. f4 Rxa2 30. Rxa2 Qxa2 31. Nxe5 c5 32. Nd3 b6 33. e5 b5 34. Nxc5
Nf5 35. Qf2 Qxf2 36. Rxf2 Ng3+ 37. Kh2 Nf5 38. g4 Nd4 39. Kg3 b4 40. Rb2 b3 41.
Kf2 Rc8 42. Ne4 Rc2+ 0-1

[Event "AUTO-OPEN-3697"]
[Site "http://www.queenalice.com/game.php?id=1438227"]
[Date "2016.8.28"]
[Round "1"]
[White "bonow"]
[Black "Quaff"]
[Result "1-0"]
[WhiteElo "2168"]
[BlackElo "1896"]

1. e4 e5 2. Nf3 d6 3. d4 exd4 4. Nxd4 h6 5. Nc3 Nf6 6. Bc4 Bd7 7. O-O Be7 8. Be3
Nc6 9. Nxc6 Bxc6 10. f3 a6 11. a4 b5 12. axb5 axb5 13. Rxa8 Qxa8 14. Nxb5 Qb7
15. Nd4 O-O 16. Nf5 Bd8 17. Qd2 Qxb2 18. Nxg7 1-0

[Event "AUTO-OPEN-3697"]
[Site "http://www.queenalice.com/game.php?id=1438228"]
[Date "2016.8.28"]
[Round "1"]
[White "Quaff"]
[Black "NatanEstivallet"]
[Result "0-1"]
[WhiteElo "1871"]
[BlackElo "2470"]

1. e4 c5 2. f4 d5 3. e5 Bf5 4. c3 Nc6 5. Nf3 e6 6. Be2 Nh6 7. d3 Be7 8. O-O Bg6
9. Be3 d4 10. cxd4 cxd4 11. Bf2 O-O 12. Nbd2 Ng4 13. h3 Ne3 14. Bxe3 dxe3 15.
Ne4 Qb6 16. b3 Rfd8 17. Nh4 Bxe4 0-1

[Event "AUTO-OPEN-3697"]
[Site "http://www.queenalice.com/game.php?id=1438229"]
[Date "2016.8.28"]
[Round "1"]
[White "NatanEstivallet"]
[Black "Quaff"]
[Result "1-0"]
[WhiteElo "2469"]
[BlackElo "1890"]

1. e4 e5 2. Nf3 d6 3. d4 exd4 4. Nxd4 h6 5. Bc4 Nf6 6. Nc3 Bd7 7. O-O Nc6 8.
Nxc6 Bxc6 9. Qe2 Be7 10. Bf4 g5 11. e5 dxe5 12. Bxe5 O-O 13. Rad1 Qe8 14. Qd3
Rd8 15. Qg6+ 1-0